| 000 | 00623nam a2200217 4500 | ||
|---|---|---|---|
| 001 | 2687906 | ||
| 003 | ARRUPE | ||
| 005 | 20160816115852.0 | ||
| 008 | 721030s1955 enk 000 0 eng d | ||
| 035 | _a(OCoLC)ocm00479238 | ||
| 040 |
_aOUN _cOUN _dZCU |
||
| 050 | _aDT429.L528 | ||
| 099 |
_a967.6 _aL53 |
||
| 100 | 1 |
_aLeigh, Ione. _925152 |
|
| 245 | 1 | 0 |
_aIn the shadow of the Mau Mau. _ban eye witness account of the terror in Kenya _cby Leigh, Ione |
| 260 |
_aLondon, _bW. H. Allen, _c1954. |
||
| 300 |
_a217p. _bplates, ports., map. _c22 cm. |
||
| 610 | 2 | 0 |
_aMau Mau. _95399 |
| 942 |
_2lcc _cMONOGRAPH |
||
| 999 |
_c125040 _d125040 |
||